000 00532nam a2200169 i 4500
001 bg
245 0 0 _aJaka polityka ekologiczna Polski? Szanse i zagrożenia :
_bzapis dyskusji.
260 _aWarszawa :
_bBiuro Klubu SLD,
_c1999.
300 _a128, [2] s. ;
_c30 cm.
650 9 _aŚrodowisko człowieka
_xhigiena i ochrona
_xpolityka
_zPolska
_yod 1989 r.
710 0 _aSojusz Lewicy Demokratycznej
040 _cBPK
041 0 _apl
080 _a504.06(438)"1989/..."
942 _cKS
008 s pl f |000 0 pol
999 _c36603
_d36603
856 _uhttp://koha.tu.koszalin.pl/cgi-bin/koha/opac-detail.pl?biblionumber=36603
_yKatalog online BPK